书目信息 |
| 题名: |
智能网联汽车概论
|
|
| 作者: | 吴荣辉 , 吴论生 主编 | |
| 分册: | ||
| 出版信息: | 北京 机械工业出版社 2022 |
|
| 页数: | 193页 | |
| 开本: | 26cm | |
| 丛书名: | ||
| 单 册: | ||
| 中图分类: | U463.67 | |
| 科图分类: | ||
| 主题词: | 汽车--智能通信网--高等职业教育--教材 | |
| 电子资源: | ||
| ISBN: | 978-7-111-69954-5 | |
| 000 | 01040nam0 2200253 450 | |
| 001 | 2270473135 | |
| 005 | 20221007193501.75 | |
| 010 | @a978-7-111-69954-5@dCNY59.90 | |
| 100 | @a20220506d2022 em y0chiy50 ea | |
| 101 | 0 | @achi |
| 102 | @aCN@b110000 | |
| 105 | @aa z 000yy | |
| 200 | 1 | @a智能网联汽车概论@9zhi neng wang lian qi che gai lun@f吴荣辉,吴论生主编 |
| 210 | @a北京@c机械工业出版社@d2022 | |
| 215 | @a193页@c彩图,彩照@d26cm | |
| 300 | @a高职高专新能源汽车专业“十四五”创新教材 高职高专新能源汽车专业推荐精品教材 全彩印刷 | |
| 304 | @a广东合赢教育科技股份有限公司组编 | |
| 330 | @a本书主要介绍了智能网联汽车的关键技术与应用,首先介绍了智能网联汽车的认识、现状与发展趋势,然后介绍了智能网联汽车的关键技术,包括智能网联汽车环境感知、无线通信、车载网络、高精度导航定位,以及ADAS等系统的技术与应用。 | |
| 606 | 0 | @a汽车@x智能通信网@x高等职业教育@j教材 |
| 690 | @aU463.67@v5 | |
| 701 | 0 | @a吴荣辉@9wu rong hui@4主编 |
| 701 | 0 | @a吴论生@9wu lun sheng@4主编 |
| 801 | 0 | @aCN@b91MARC@c20220508 |
| 905 | @aZUCC@dU463.67@e6 | |
| 智能网联汽车概论/吴荣辉,吴论生主编.-北京:机械工业出版社,2022 |
| 193页:彩图,彩照;26cm |
| 高职高专新能源汽车专业“十四五”创新教材 高职高专新能源汽车专业推荐精品教材 全彩印刷 |
| ISBN 978-7-111-69954-5:CNY59.90 |
| 本书主要介绍了智能网联汽车的关键技术与应用,首先介绍了智能网联汽车的认识、现状与发展趋势,然后介绍了智能网联汽车的关键技术,包括智能网联汽车环境感知、无线通信、车载网络、高精度导航定位,以及ADAS等系统的技术与应用。 |
| ● |
| 相关链接 |
|
|
|
正题名:智能网联汽车概论
索取号:U463.67/6
 
预约/预借
| 序号 | 登录号 | 条形码 | 馆藏地/架位号 | 状态 | 备注 |
| 1 | 2000912281 | 2000912281 | 第三书库/ [索取号:U463.67/6] | 在馆 | |
| 2 | 2000912282 | 2000912282 | 第三书库/ [索取号:U463.67/6] | 在馆 | |
| 3 | 2000912283 | 2000912283 | 第三书库/ [索取号:U463.67/6] | 在馆 |